| 000 | 00557nam a22002057a 4500 | ||
|---|---|---|---|
| 999 |
_c6234 _d6234 |
||
| 003 | OSt | ||
| 005 | 20190819102924.0 | ||
| 008 | 190819b ||||| |||| 00| 0 eng d | ||
| 020 | _a0618514716 | ||
| 040 | _cDDC | ||
| 082 | _a512.02GAL 2006. | ||
| 100 |
_agallian,A.Joseph; _912827 |
||
| 245 | _aContemporary Abstract Algebra. | ||
| 250 | _a6th ed. | ||
| 260 |
_aBoston; _bHoughton Mifflin Company, _c2006. |
||
| 300 |
_ax,576p; _bcol,ill; _c26cm. |
||
| 504 | _aincludes answers, credits and index. | ||
| 650 |
_aMathematics. _9810 |
||
| 942 |
_2ddc _cO_SHELF |
||